[Event "Tournoi Skype 019B"]
[Site "Skype"]
[Date "????.??.??"]
[Round "4.7"]
[White "Riviere, Perrine"]
[Black "Martin, Jean-Claude"]
[Result "0-1"]
[WhiteElo "1323"]
[BlackElo "1464"]
[PlyCount "60"]

1. e4 e5 2. Nf3 Nc6 3. Bc4 Bc5 4. Ng5 Qxg5 5. O-O Qd8 6. Nc3 Nf6 7. d3 h6 8.
Re1 d6 9. Nd5 Nxd5 10. Bxd5 Bd7 11. c3 Qf6 12. Be3 Bxe3 13. Rxe3 O-O 14. Qb3 b6
15. Qc4 b5 16. Qxb5 Rab8 17. Qa6 Rxb2 18. Rf1 Rb6 19. Qc4 Be6 20. Ree1 Qe7 21.
Rb1 Bxd5 22. Qxd5 Rfb8 23. Rxb6 Rxb6 24. a4 Qe6 25. Qxe6 fxe6 26. f3 Rb3 27. f4
Rxc3 28. fxe5 Nxe5 29. Rb1 Nxd3 30. a5 Rc1+ 0-1

[Event "Tournoi Skype 019B"]
[Site "Skype"]
[Date "????.??.??"]
[Round "4.8"]
[White "Bouffard, Georges"]
[Black "De Coninck, Philippe"]
[Result "0-1"]
[WhiteElo "1234"]
[BlackElo "1426"]
[PlyCount "40"]

1. d4 e5 2. e3 exd4 3. Qxd4 Nc6 4. Qd2 Nf6 5. Bd3 Bc5 6. Qe2 O-O 7. a3 d5 8. b4
Bd6 9. Bb2 Re8 10. Nd2 Be5 11. c3 d4 12. Ne4 Nxe4 13. cxd4 Bxd4 14. Bxd4 Nxd4
15. Bxe4 Nxe2 16. Rd1 Qg5 17. Bf3 Bg4 18. h3 Bxf3 19. Nxf3 Qxg2 20. Kd2 Qxf3
0-1

[Event "Tournoi Skype 019B"]
[Site "Skype"]
[Date "????.??.??"]
[Round "4.9"]
[White "Torres, Vicky"]
[Black "Chavero, Victor"]
[Result "0-1"]
[WhiteElo "1321"]
[BlackElo "1394"]
[PlyCount "60"]

1. Nc3 e5 2. e4 Nc6 3. d3 Nf6 4. Nce2 Bc5 5. h3 d5 6. exd5 Qxd5 7. c3 O-O 8.
Ng3 Re8 9. Nh5 Qe6 10. Be2 e4 11. d4 Bb6 12. d5 Nxd5 13. Bf4 Nxf4 14. Nxf4 Qf5
15. Nd5 Qxf2+ 16. Kd2 e3+ 17. Kc2 Be6 18. Nxb6 axb6 19. Nf3 Red8 20. Qf1 Qg3
21. Rd1 Qg6+ 22. Bd3 Bf5 23. Ne1 Bxd3+ 24. Nxd3 Qe6 25. Nf4 Qe4+ 26. Kc1 Rxa2
27. Rxd8+ Nxd8 28. Nd3 Ra1+ 29. Kc2 Rxf1 30. Rxf1 Qxg2+ 0-1

[Event "Tournoi Skype 019B"]
[Site "Skype"]
[Date "????.??.??"]
[Round "4.10"]
[White "Bustos, Ricardo"]
[Black "Battaglia, Gabriele"]
[Result "0-1"]
[WhiteElo "1379"]
[BlackElo "1288"]
[PlyCount "32"]

1. d4 d5 2. Nf3 Nf6 3. c4 e6 4. Nc3 Be7 5. e3 O-O 6. Bd3 c6 7. O-O Nbd7 8. cxd5
cxd5 9. a3 a6 10. b4 b5 11. Bb2 Qc7 12. Rc1 Qd6 13. Nb1 Bb7 14. Nbd2 Rac8 15.
Qb3 Ne4 16. Ne5 Nxd2 0-1

[Event "Tournoi Skype 019B"]
[Site "Skype"]
[Date "????.??.??"]
[Round "4.12"]
[White "Guillaume, Mickael"]
[Black "Porcabeuf, Jean-Marc"]
[Result "1/2-1/2"]
[WhiteElo "1180"]
[BlackElo "1359"]
[PlyCount "117"]

1. e4 e5 2. Nf3 d6 3. h3 b6 4. Bc4 h6 5. d3 Nf6 6. Be3 Be7 7. Nbd2 O-O 8. Nh4
c6 9. a3 Nh7 10. Nf5 Bxf5 11. exf5 Nd7 12. Ne4 d5 13. Ng3 dxc4 14. dxc4 Qc7 15.
Qg4 Ndf6 16. Qf3 Rad8 17. O-O Bd6 18. Ne4 Nxe4 19. Qxe4 Nf6 20. Qh4 Kh7 21.
Rad1 Ng8 22. g3 Be7 23. Qg4 Rxd1 24. Rxd1 Nf6 25. Qe2 Ne4 26. Qf3 Nf6 27. b4 c5
28. c3 cxb4 29. cxb4 Qxc4 30. Rc1 Qe4 31. Qxe4 Nxe4 32. Rc4 Nd6 33. Rc7 Nxf5
34. Bd2 a6 35. Rc6 Rd8 36. Be1 Rd1 37. Kf1 Bd8 38. Ke2 Ra1 39. Rc3 Nd4+ 40. Kd2
Nb5 41. Rd3 Nxa3 42. Rxd8 Ra2+ 43. Kd1 Nc2 44. Bc3 f6 45. Rd2 Nxb4 46. Bxb4
Rxd2+ 47. Kxd2 b5 48. Ke2 e4 49. g4 g6 50. f3 f5 51. gxf5 gxf5 52. fxe4 fxe4
53. Ke3 Kg6 54. Kxe4 Kf7 55. Ke5 Ke8 56. Ke6 Kd8 57. Kd6 Kc8 58. Kc6 Kb8 59.
Kb6 1/2-1/2

[Event "Tournoi Skype 019B"]
[Site "Skype"]
[Date "????.??.??"]
[Round "4.13"]
[White "Marino, Giuseppe"]
[Black "Lequeux, Pierre"]
[Result "1-0"]
[WhiteElo "1349"]
[BlackElo "1181"]
[PlyCount "79"]

1. d4 d5 2. e3 Nf6 3. Bd3 e6 4. Nf3 Bd6 5. O-O O-O 6. Re1 Bd7 7. Nbd2 Bc6 8. e4
dxe4 9. Nxe4 Nxe4 10. Bxe4 Bxe4 11. Rxe4 Nd7 12. Ne5 Bxe5 13. dxe5 Nc5 14. Rd4
Qe8 15. Be3 b6 16. b4 Nb7 17. Qf3 Rb8 18. Rad1 c6 19. Qg3 g5 20. Bxg5 f5 21.
Bh6+ Qg6 22. Qxg6+ hxg6 23. Bxf8 Kxf8 24. g4 Ke8 25. gxf5 gxf5 26. Rh4 Kf7 27.
Rh7+ Kg8 28. Rdd7 Nd8 29. h4 c5 30. bxc5 bxc5 31. Rdg7+ Kf8 32. Rg6 Rb1+ 33.
Kg2 Rb7 34. Rh8+ Ke7 35. h5 c4 36. h6 Kd7 37. Rh7+ Kc6 38. Rxb7 Nxb7 39. h7 Kd5
40. h8=Q 1-0

[Event "Tournoi Skype 019B"]
[Site "Skype"]
[Date "????.??.??"]
[Round "4.14"]
[White "Scata, Laura"]
[Black "Hernandez Lopez, Joaquin"]
[Result "0-1"]
[WhiteElo "1000"]
[BlackElo "1327"]
[PlyCount "104"]

1. e4 e5 2. Nf3 Nc6 3. Bc4 Nf6 4. d3 Bc5 5. O-O O-O 6. Bg5 Na5 7. Bb5 c6 8. Ba4
b5 9. Bb3 Re8 10. c3 Qb6 11. d4 Be7 12. Be3 Nxe4 13. Nxe5 d5 14. Bc2 Bf5 15.
Nd2 Bf6 16. Nxe4 Bxe4 17. Bxe4 dxe4 18. Ng4 Be7 19. Qd2 Nc4 20. Qc1 Qd8 21. Ne5
Nxe5 22. dxe5 Bh4 23. g3 Be7 24. Qc2 Qd5 25. Bf4 Rad8 26. Rfe1 e3 27. Rxe3 Bc5
28. Qe4 Bxe3 29. Qxd5 Rxd5 30. Bxe3 Rexe5 31. Bxa7 Re2 32. b4 Rdd2 33. Be3 Rd6
34. c4 bxc4 35. a4 Rb2 36. b5 c3 37. Bc5 Re6 38. b6 Rbe2 39. b7 Re8 40. Ba7
Re1+ 41. Rxe1 Rxe1+ 42. Kg2 Re8 43. a5 c2 44. Be3 h6 45. a6 Kh7 46. a7 Rxe3 47.
fxe3 c1=Q 48. b8=Q Qc2+ 49. Kf3 Qd1+ 50. Kf4 g5+ 51. Kf5 Qd5+ 52. Kf6 Qe6# 0-1

[Event "Tournoi Skype 019B"]
[Site "Skype"]
[Date "????.??.??"]
[Round "4.15"]
[White "Ramirez Reina, Orlando"]
[Black "Mordaa, Ahmad"]
[Result "0-1"]
[WhiteElo "1417"]
[BlackElo "1471"]
[PlyCount "56"]

1. e4 e5 2. Nf3 Nc6 3. Bc4 Be7 4. O-O Nf6 5. Nc3 h6 6. d3 O-O 7. a3 a6 8. Nh4
Nxe4 9. Nxe4 Bxh4 10. Bd5 d6 11. g3 Be7 12. Qh5 Nd4 13. c3 Ne6 14. Bxe6 Bxe6
15. Be3 d5 16. Nc5 Bc8 17. Qxe5 Re8 18. Qh5 b6 19. Nb3 Bf6 20. d4 Be6 21. Rfe1
Qd7 22. Kg2 Bg4 23. Qxg4 Qxg4 24. f3 Qg6 25. f4 Qe4+ 26. Kf2 Qc2+ 27. Nd2 Rxe3
28. Kxe3 Re8+ 0-1

[Event "Tournoi Skype 019B"]
[Site "Skype"]
[Date "????.??.??"]
[Round "4.16"]
[White "Perrone, Gabriel Lorenzo"]
[Black "Codina, Teresa"]
[Result "1-0"]
[WhiteElo "1421"]
[BlackElo "1321"]
[PlyCount "47"]

1. d4 Nf6 2. c4 e6 3. Nc3 d5 4. Nf3 c6 5. Bg5 Be7 6. e3 Nbd7 7. Bd3 O-O 8. O-O
h6 9. Bxf6 Nxf6 10. Re1 Re8 11. e4 dxe4 12. Nxe4 Bd7 13. h3 Rc8 14. Rc1 b6 15.
Nxf6+ Bxf6 16. b4 c5 17. bxc5 bxc5 18. d5 exd5 19. cxd5 Bd4 20. Nxd4 Rxe1+ 21.
Qxe1 cxd4 22. Rc4 Qf6 23. Rxc8+ Bxc8 24. Qe8# 1-0

[Event "Tournoi Skype 019B"]
[Site "Skype"]
[Date "????.??.??"]
[Round "4.18"]
[White "Briere, Jean"]
[Black "Baker, Abi"]
[Result "1-0"]
[WhiteElo "1529"]
[BlackElo "1165"]
[PlyCount "63"]

1. e4 e6 2. d4 d5 3. e5 c5 4. Nf3 Nc6 5. Bb5 Bd7 6. O-O Nxd4 7. Bxd7+ Qxd7 8.
Nxd4 cxd4 9. Qxd4 Ne7 10. Nc3 Nc6 11. Qf4 d4 12. Rd1 Bc5 13. Na4 b6 14. Nxc5
bxc5 15. b3 Nb4 16. Rd2 Nxa2 17. Rxa2 Rd8 18. Qe4 g6 19. Ra5 Qc7 20. Ra4 h5 21.
Ba3 Qb6 22. Qd3 h4 23. h3 Rh5 24. Re2 Rc8 25. Ra6 Qb7 26. Rxe6+ Kd7 27. Rf6 Rg5
28. Rxf7+ Kc6 29. Qe4+ Kb6 30. Qxb7+ Ka5 31. Qxc8 a6 32. Qxc5# 1-0

[Event "Tournoi Skype 019B"]
[Site "Skype"]
[Date "????.??.??"]
[Round "4.19"]
[White "Delmonte, Davide"]
[Black "Vello, Pablo"]
[Result "0-1"]
[WhiteElo "1159"]
[BlackElo "1365"]
[PlyCount "44"]

1. e4 c5 2. Nf3 d6 3. Bc4 Nf6 4. O-O g6 5. c3 Nxe4 6. d3 Nf6 7. Re1 Bg4 8. h3
Bxf3 9. Qxf3 d5 10. d4 dxc4 11. Bg5 Bg7 12. Bxf6 Bxf6 13. Qxf6 O-O 14. Rxe7 Nd7
15. Qd6 Nb6 16. Qf6 Nd5 17. Rxb7 Qxf6 18. dxc5 Qc6 19. Rb3 cxb3 20. axb3 Rfe8
21. c4 Nf4 22. g3 Qg2# 0-1

[Event "Tournoi Skype 019B"]
[Site "Skype"]
[Date "????.??.??"]
[Round "4.20"]
[White "Farthouat, Catherine"]
[Black "Ruiz Gomez, Luz Alba"]
[Result "0-1"]
[WhiteElo "1122"]
[BlackElo "1307"]
[PlyCount "56"]

1. c4 Nf6 2. Nf3 d5 3. c5 e6 4. b4 Be7 5. e3 O-O 6. g3 Nbd7 7. Bg2 c6 8. O-O b6
9. Bb2 bxc5 10. bxc5 Bxc5 11. d4 Bb6 12. Nbd2 Ba6 13. Re1 Ba5 14. Rc1 Qc7 15.
Bc3 Bb6 16. Qc2 Rac8 17. Nb3 Qd8 18. Bb4 Re8 19. Nfd2 Bb7 20. e4 a5 21. Bc3 c5
22. h3 c4 23. e5 cxb3 24. axb3 Nh5 25. Nf3 a4 26. bxa4 Ba5 27. Rb1 Bxc3 28.
Qxc3 Rxc3 0-1

[Event "Tournoi Skype 019B"]
[Site "Skype"]
[Date "????.??.??"]
[Round "4.21"]
[White "Lecluyse, Koenraad"]
[Black "Vervoort, Jean-Louis"]
[Result "0-1"]
[WhiteElo "1300"]
[BlackElo "1155"]
[PlyCount "48"]

1. d4 d5 2. Nf3 Nf6 3. Bf4 Bg4 4. Nbd2 e6 5. e3 Bb4 6. c3 Ba5 7. Be2 O-O 8. O-O
Nc6 9. h3 Bxf3 10. Nxf3 Nh5 11. Ne5 Nxe5 12. Bxe5 f6 13. Bg3 Nxg3 14. fxg3 Qd6
15. Bd3 Qxg3 16. Rf3 Qg5 17. Kh2 f5 18. Rg3 Qf6 19. Qh5 g6 20. Qh6 c6 21. Be2
Bc7 22. Rf1 Bxg3+ 23. Kxg3 Qg7 24. Kh2 Qxh6 0-1

[Event "Tournoi Skype 019B"]
[Site "Skype"]
[Date "????.??.??"]
[Round "4.22"]
[White "Maccaferri, Massimo"]
[Black "Martin, Elise"]
[Result "1-0"]
[WhiteElo "1252"]
[BlackElo "1070"]
[PlyCount "41"]

1. e4 e5 2. Nc3 Nf6 3. Bc4 Nc6 4. Qf3 Qe7 5. Nh3 d6 6. Ng5 g6 7. Nd5 Bg7 8.
Nxe7 Kxe7 9. d4 Nxd4 10. Qc3 Nc6 11. Nxf7 Rf8 12. Ng5 Ke8 13. Be3 Bd7 14. Bc5
Rg8 15. Bxg8 dxc5 16. Rd1 Bg4 17. Rd3 Kf8 18. Bf7 Nxe4 19. Qc4 Nf6 20. Bxg6
hxg6 21. Qf7# 1-0

[Event "Tournoi Skype 019B"]
[Site "Skype"]
[Date "????.??.??"]
[Round "4.24"]
[White "Douichi, Mohammed"]
[Black "Tekes, Gamze"]
[Result "1-0"]
[WhiteElo "1209"]
[BlackElo "1000"]
[PlyCount "51"]

1. e4 e5 2. Nf3 Nf6 3. Nc3 d6 4. Bc4 Be7 5. Ng5 h6 6. Nxf7 Qd7 7. Nxh8 b6 8.
Bf7+ Kd8 9. Bg6 Ba6 10. Nf7+ Ke8 11. Nxe5+ Kd8 12. Nxd7 Kxd7 13. d3 Nc6 14. O-O
Nd8 15. Qf3 Ne6 16. e5 Rf8 17. exf6 Bxf6 18. Bf5 Bh4 19. Bxe6+ Ke8 20. Qg4 Bf6
21. Qh5+ Ke7 22. Re1 c5 23. Bc4+ Kd8 24. Bxa6 b5 25. Qf5 b4 26. Qc8# 1-0

[Event "Tournoi Skype 019B"]
[Site "Skype"]
[Date "????.??.??"]
[Round "4.26"]
[White "Erten, Ozlem"]
[Black "Bacha, Mehdi"]
[Result "1/2-1/2"]
[WhiteElo "1000"]
[BlackElo "1066"]
[PlyCount "67"]

1. e4 Nf6 2. Nc3 e5 3. Bc4 Bb4 4. d3 Bxc3+ 5. bxc3 d6 6. Nf3 Bg4 7. O-O O-O 8.
h3 Bxf3 9. Qxf3 Nbd7 10. Rb1 b6 11. d4 c5 12. Bg5 cxd4 13. cxd4 Rc8 14. Bxf6
Nxf6 15. Bb3 exd4 16. Rbd1 Rc3 17. Qe2 Re8 18. Rxd4 Qe7 19. Re1 Qe5 20. Qd2 Rc5
21. f3 h5 22. Rxd6 Qe7 23. Qd4 h4 24. e5 Rxe5 25. Rxe5 Qxe5 26. Qxe5 Rxe5 27.
Rd8+ Kh7 28. c3 Re1+ 29. Kf2 Rh1 30. Bc2+ Kh6 31. Rh8+ Kg5 32. Bb3 Rc1 33. Bxf7
Rc2+ 34. Kf1 1/2-1/2

[Event "Tournoi Skype 019B"]
[Site "Skype"]
[Date "????.??.??"]
[Round "4.27"]
[White "Schnell, Nicolas"]
[Black "Kumar Keshri, Siddharth"]
[Result "0-1"]
[WhiteElo "1000"]
[BlackElo "1000"]
[PlyCount "48"]

1. e3 e5 2. Be2 Nc6 3. Nf3 Nf6 4. b3 a6 5. Bb2 Bc5 6. d4 exd4 7. O-O dxe3 8.
Qe1 O-O 9. Bd3 Re8 10. Qe2 exf2+ 11. Kh1 Rxe2 12. Bxe2 Qe8 13. Nc3 b5 14. Ng5
b4 15. Na4 Ba7 16. Rad1 Qxe2 17. Nc3 bxc3 18. Bxc3 d6 19. g3 Bb7 20. Nf3 Ne5
21. Kg2 Bxf3+ 22. Kh3 Bg4+ 23. Kh4 h6 24. Bd2 Ng6# 0-1

[Event "Tournoi Skype 019B"]
[Site "Skype"]
[Date "????.??.??"]
[Round "4.28"]
[White "Marty, Yvette"]
[Black "Mimouni, Driss"]
[Result "0-1"]
[WhiteElo "1000"]
[BlackElo "1000"]
[PlyCount "54"]

1. e4 e5 2. Nf3 Nc6 3. Ng5 Nf6 4. Nc3 d6 5. Bc4 Bg4 6. Nf3 Be7 7. Be2 Bh5 8.
Nd5 Nxd5 9. exd5 Nb4 10. c3 Nxd5 11. Qb3 Rb8 12. Qxd5 Bg6 13. O-O c6 14. Qb3
O-O 15. d4 e4 16. Nd2 d5 17. c4 Bd6 18. g3 f6 19. cxd5 Bf7 20. Nxe4 Bc7 21. Be3
f5 22. Ng5 Bxd5 23. Bc4 h6 24. Nh3 Qd7 25. Nf4 b5 26. Rab1 bxc4 27. Qc3 g5 0-1

[Event "Tournoi Skype 019B"]
[Site "Skype"]
[Date "????.??.??"]
[Round "5.1"]
[White "Malbec, Robert"]
[Black "Perez Fermin, Jose"]
[Result "0-1"]
[WhiteElo "1504"]
[BlackElo "1542"]
[PlyCount "114"]

1. d4 d5 2. c4 c6 3. Nc3 Nf6 4. Bg5 Bf5 5. Nf3 h6 6. Bxf6 exf6 7. e3 Be7 8. Bd3
Bg6 9. Nh4 Bxd3 10. Qxd3 dxc4 11. Qxc4 O-O 12. Qe2 g6 13. a3 Nd7 14. Qd2 Kg7
15. Nf3 Bd6 16. Ne4 Bc7 17. h4 f5 18. Nc3 Nf6 19. O-O-O b5 20. d5 cxd5 21. Nxd5
Nxd5 22. Qxd5 Qf6 23. Qd4 Rfd8 24. Qxf6+ Kxf6 25. Rd4 Bb6 26. Rxd8 Rxd8 27. Rd1
Rc8+ 28. Kb1 Rd8 29. Rxd8 Bxd8 30. Nd4 a6 31. Kc2 Be7 32. Kc3 Ke5 33. Nc6+ Kd6
34. Nd4 Kc5 35. b4+ Kd5 36. g3 Bd6 37. Kd3 Be7 38. Nb3 Bd6 39. Nd2 Be5 40. Nb1
Bf6 41. f3 Be5 42. e4+ fxe4+ 43. fxe4+ Kd6 44. Ke3 Bxg3 45. h5 gxh5 46. Kf3 Be5
47. Nd2 Bb2 48. Nb1 Ke5 49. Ke3 f6 50. Kf3 f5 51. exf5 Kxf5 52. Kg3 Kg5 53. Kh3
h4 54. Nd2 Bxa3 55. Nf3+ Kh5 56. Ne5 Bxb4 57. Nc6 a5 0-1

[Event "Tournoi Skype 019B"]
[Site "Skype"]
[Date "????.??.??"]
[Round "5.2"]
[White "Hernandez, George"]
[Black "Salazar Ticeran, Antonio"]
[Result "1-0"]
[WhiteElo "1397"]
[BlackElo "1469"]
[PlyCount "61"]

1. e4 c5 2. Nf3 Nc6 3. d4 cxd4 4. Nxd4 g6 5. Nxc6 bxc6 6. Nc3 Bg7 7. Bc4 Qa5 8.
Bd2 Qb4 9. Bb3 Ba6 10. Nd5 Qd6 11. Bb4 Qb8 12. Nc3 Qxb4 13. a3 Bxc3+ 14. bxc3
Qxc3+ 15. Qd2 Qxa1+ 16. Qd1 Qxa3 17. Qd4 Nf6 18. Kd2 Qa5+ 19. Kc1 O-O 20. Kb2
Qc7 21. e5 Nd5 22. f4 Rfb8 23. Ra1 Bb5 24. c4 Bxc4 25. Qxc4 Ne3 26. Qxf7+ Kh8
27. Qxe7 Nc4+ 28. Kc3 Qb6 29. Qf6+ Kg8 30. Bxc4+ d5 31. exd6# 1-0

[Event "Tournoi Skype 019B"]
[Site "Skype"]
[Date "????.??.??"]
[Round "5.3"]
[White "Martin, Jean-Claude"]
[Black "Chavero, Victor"]
[Result "0-1"]
[WhiteElo "1464"]
[BlackElo "1394"]
[PlyCount "62"]

1. d4 Nf6 2. c4 e6 3. Nc3 c6 4. e4 d5 5. e5 Nfd7 6. Nf3 c5 7. Be3 cxd4 8. Bxd4
Bb4 9. Bd3 Nb6 10. Qb3 Nc6 11. c5 Nc4 12. Bxc4 dxc4 13. Qxc4 O-O 14. O-O Bd7
15. a3 Bxc3 16. Qxc3 Rc8 17. b4 Ne7 18. Qb3 Bc6 19. b5 Bxf3 20. Qxf3 Qxd4 21.
Qxb7 Qxc5 22. Rfd1 Ng6 23. Qe4 Qxb5 24. f4 Rc4 25. Rab1 Rxe4 26. Rxb5 Nxf4 27.
Rdb1 Ra4 28. Rb8 Ng6 29. R1b3 Rxb8 30. Rxb8+ Nf8 31. Rb3 g6 0-1

[Event "Tournoi Skype 019B"]
[Site "Skype"]
[Date "????.??.??"]
[Round "5.4"]
[White "De Coninck, Philippe"]
[Black "Marino, Giuseppe"]
[Result "0-1"]
[WhiteElo "1426"]
[BlackElo "1349"]
[PlyCount "48"]

1. e4 e5 2. f4 exf4 3. Nf3 d6 4. Bc4 Be7 5. d3 Bg5 6. O-O Nf6 7. Nxg5 O-O 8.
Bxf4 Bg4 9. Qe1 Nh5 10. Qh4 Nf6 11. e5 dxe5 12. Bxe5 Nbd7 13. Bxf6 Nxf6 14.
Rxf6 h6 15. Bxf7+ Rxf7 16. Nxf7 Qxf6 17. Nxh6+ Qxh6 18. Qxg4 Qc1+ 19. Kf2 Rf8+
20. Kg3 Qe3+ 21. Kh4 Rf4 22. Qxf4 Qxf4+ 23. Kh3 Qc1 24. c3 Qxb2 0-1

[Event "Tournoi Skype 019B"]
[Site "Skype"]
[Date "????.??.??"]
[Round "5.5"]
[White "Hernandez Lopez, Joaquin"]
[Black "Munoz Gonzalez, Martin"]
[Result "1/2-1/2"]
[WhiteElo "1327"]
[BlackElo "1420"]
[PlyCount "40"]

1. e4 b6 2. Nc3 Bb7 3. d4 g6 4. Nf3 Bg7 5. Bc4 c5 6. Be3 d6 7. Qd2 Nc6 8. Bd5
e6 9. Bxc6+ Bxc6 10. d5 exd5 11. exd5 Bb7 12. O-O Ne7 13. Rfe1 O-O 14. Bh6 Nf5
15. Bxg7 Kxg7 16. Re2 Qd7 17. Rae1 Ne7 18. Rxe7 Qc8 19. Qf4 Rb8 20. Rxf7+ Rxf7
1/2-1/2

[Event "Tournoi Skype 019B"]
[Site "Skype"]
[Date "????.??.??"]
[Round "5.6"]
[White "Milanese, Serge"]
[Black "Dubois, Real"]
[Result "0-1"]
[WhiteElo "1314"]
[BlackElo "1418"]
[PlyCount "62"]

1. e4 e5 2. Nf3 d6 3. h3 Be7 4. Nc3 Nf6 5. Bc4 c6 6. O-O O-O 7. d3 b5 8. Bb3
Ba6 9. Ng5 d5 10. Ne2 Nbd7 11. a3 h6 12. Nf3 Bb7 13. Nc3 dxe4 14. Nxe4 Nxe4 15.
dxe4 Nc5 16. Nxe5 Nxb3 17. Nd7 Re8 18. cxb3 Bc8 19. Bxh6 Qxd7 20. Qxd7 Bxd7 21.
Be3 Be6 22. b4 Bf6 23. Rab1 a6 24. f4 Bc4 25. Rf3 Rxe4 26. Kh2 Rae8 27. Bb6 Re2
28. Kg3 Rxb2 29. Rxb2 Bxb2 30. f5 Be5+ 31. Kh4 Be2 0-1

[Event "Tournoi Skype 019B"]
[Site "Skype"]
[Date "????.??.??"]
[Round "5.7"]
[White "Diaz, Jose Garcia"]
[Black "Khatanhar, Mohit"]
[Result "1/2-1/2"]
[WhiteElo "1000"]
[BlackElo "1398"]
[PlyCount "56"]

1. e4 e5 2. Nf3 d6 3. Bc4 h6 4. O-O Nf6 5. Nc3 Be7 6. d4 exd4 7. Nxd4 Bd7 8.
Nf5 O-O 9. Nxh6+ gxh6 10. Bxh6 Re8 11. Qf3 Nc6 12. Qg3+ Ng4 13. h3 Bh4 14. Qf4
Nxh6 15. Qxh6 Be6 16. Nd5 Ne5 17. Be2 c6 18. Nf4 Bg5 19. Nxe6 Rxe6 20. Qh5 Rh6
21. f4 Rxh5 22. Bxh5 Bxf4 23. Rxf4 Qg5 24. Rf5 Qe3+ 25. Kh1 Rf8 26. Raf1 Qh6
27. R1f4 a6 28. b3 Qh7 1/2-1/2

[Event "Tournoi Skype 019B"]
[Site "Skype"]
[Date "????.??.??"]
[Round "5.8"]
[White "Battaglia, Gabriele"]
[Black "Perrone, Gabriel Lorenzo"]
[Result "0-1"]
[WhiteElo "1288"]
[BlackElo "1421"]
[PlyCount "86"]

1. e4 e5 2. Bc4 Nf6 3. d3 Be7 4. Nf3 d5 5. exd5 Bg4 6. Nc3 c6 7. dxc6 Nxc6 8.
O-O O-O 9. Re1 Nd4 10. Re3 Bc5 11. Ne4 Nxf3+ 12. Rxf3 Nxe4 13. Be3 Bxe3 14.
fxe3 Bxf3 15. gxf3 Nd6 16. Bd5 Qb6 17. Qe1 Qxb2 18. c4 Qb5 19. cxb5 Nxb5 20.
Qb4 Nc7 21. Bc4 Rab8 22. Qc5 Na6 23. Qxe5 Rfe8 24. Qf4 Rf8 25. Rb1 Nc5 26. Qf5
b6 27. Rb4 Nb7 28. Bd5 Nd6 29. Qe5 Rbd8 30. Rg4 g6 31. f4 Rfe8 32. Qd4 Nf5 33.
Qc4 Kf8 34. Kf2 Nxe3 35. Qc7 Nxg4+ 36. Kg3 Nh6 37. Bb3 Rxd3+ 38. Kh4 Nf5+ 39.
Kg4 Nh6+ 40. Kg5 Re7 41. Qc2 Rh3 42. Qg2 Rh5+ 43. Kf6 Rf5# 0-1

[Event "Tournoi Skype 019B"]
[Site "Skype"]
[Date "????.??.??"]
[Round "5.9"]
[White "Mordaa, Ahmad"]
[Black "Guillaume, Mickael"]
[Result "0-1"]
[WhiteElo "1471"]
[BlackElo "1180"]
[PlyCount "42"]

1. e4 e6 2. d3 d5 3. Nd2 d4 4. Ngf3 c5 5. a4 Nc6 6. Nc4 Be7 7. g3 Bd7 8. Bg2 f6
9. Nh4 g5 10. Qh5+ Kf8 11. Ng6+ Kg7 12. Nxh8 Kxh8 13. h4 h6 14. hxg5 fxg5 15.
e5 Qf8 16. Bxg5 Bxg5 17. Qxg5 Nb4 18. Kd2 Qxf2+ 19. Kd1 Qxc2+ 20. Ke1 Nxd3+ 21.
Kf1 Qf2# 0-1

[Event "Tournoi Skype 019B"]
[Site "Skype"]
[Date "????.??.??"]
[Round "5.10"]
[White "Bhandari, Dattatrey"]
[Black "Gerbaux, Regis"]
[Result "1-0"]
[WhiteElo "1232"]
[BlackElo "1435"]
[PlyCount "75"]

1. e4 e5 2. Nf3 Nf6 3. d3 h6 4. Nxe5 Qe7 5. Bf4 Qb4+ 6. Nd2 Qxb2 7. Be2 d6 8.
Nec4 Qb4 9. a3 Qa4 10. Bf3 Nc6 11. Nb2 Qd4 12. Nbc4 d5 13. Nb3 Qc3+ 14. Bd2
Qxa1 15. Qxa1 dxc4 16. dxc4 Be6 17. c3 Bxc4 18. Nd4 Nxd4 19. cxd4 c6 20. Qc3
Bb5 21. e5 Nd5 22. Bxd5 cxd5 23. Qc7 Bc6 24. O-O Be7 25. Bb4 Bxb4 26. axb4 O-O
27. Rb1 Rfc8 28. Qe7 Re8 29. Qh4 Rac8 30. h3 Bb5 31. f4 Rc4 32. Qf2 Ba4 33. f5
Rc2 34. Qe3 f6 35. e6 Rc7 36. h4 Bd7 37. Qf4 Rc2 38. exd7 1-0

[Event "Tournoi Skype 019B"]
[Site "Skype"]
[Date "????.??.??"]
[Round "5.11"]
[White "Porcabeuf, Jean-Marc"]
[Black "Vincent, Andre"]
[Result "0-1"]
[WhiteElo "1359"]
[BlackElo "1362"]
[PlyCount "86"]

1. d4 Nf6 2. e3 d5 3. Nf3 e6 4. Bd3 Be7 5. O-O O-O 6. Re1 Nc6 7. Nbd2 Bd7 8. c4
Nb4 9. Bb1 dxc4 10. Nxc4 Nc6 11. e4 Bb4 12. Re2 g6 13. Bh6 Re8 14. a3 Be7 15.
Ba2 b5 16. Nce5 Nxe5 17. Nxe5 Bd6 18. Nf3 Bf8 19. Bxf8 Kxf8 20. e5 Nd5 21. Qd2
Kg7 22. Rae1 c6 23. Re4 Rc8 24. Bxd5 cxd5 25. Rh4 Rh8 26. Qh6+ Kg8 27. Ng5 Qf8
28. Qxf8+ Rxf8 29. Re3 Rc8 30. h3 h5 31. Nf3 Rc2 32. Nh2 Rxb2 33. Ng4 Kf8 34.
Nf6 Bc6 35. Rc3 Bb7 36. Rc7 Kg7 37. Rxb7 Rc8 38. Rf4 Rb1+ 39. Kh2 Rcc1 40. Ne8+
Kh6 41. Rfxf7 Rh1+ 42. Kg3 Rb3+ 43. Kh4 g5# 0-1

[Event "Tournoi Skype 019B"]
[Site "Skype"]
[Date "????.??.??"]
[Round "5.12"]
[White "Ruiz Gomez, Luz Alba"]
[Black "Briere, Jean"]
[Result "1/2-1/2"]
[WhiteElo "1307"]
[BlackElo "1529"]
[PlyCount "119"]

1. d4 d5 2. Bf4 Nf6 3. e3 e6 4. Nf3 Bd6 5. Ne5 O-O 6. c3 Nbd7 7. Bd3 c5 8. O-O
c4 9. Be2 Qc7 10. Nxd7 Bxd7 11. Bxd6 Qxd6 12. Nd2 Rfe8 13. f4 g6 14. Nf3 Ne4
15. Qe1 Qe7 16. Rc1 b5 17. a3 a6 18. Bd1 Rac8 19. Bc2 Kg7 20. Bxe4 dxe4 21. Ne5
f6 22. Ng4 e5 23. Qh4 Bxg4 24. Qxg4 f5 25. Qg3 exf4 26. Rxf4 Rf8 27. Rh4 Rc6
28. Rf1 g5 29. Rh5 h6 30. Qe5+ Qxe5 31. dxe5 Re6 32. h4 Kg6 33. g4 Rxe5 34.
hxg5 hxg5 35. Rh2 f4 36. Kf2 fxe3+ 37. Ke2 Rxf1 38. Kxf1 Rf5+ 39. gxf5+ Kxf5
40. Ke2 Kg4 41. Kxe3 Kf5 42. Rf2+ Ke5 43. Rg2 Kd6 44. Rxg5 Kc6 45. Kxe4 Kb6 46.
Rg6+ Ka5 47. b4+ Ka4 48. Rxa6+ Kb3 49. Ra5 Kxc3 50. Rxb5 Kb3 51. Rc5 Kxa3 52.
b5 Kb4 53. b6 Kxc5 54. b7 c3 55. b8=Q c2 56. Qc8+ Kd6 57. Qxc2 Ke6 58. Qc6+ Ke7
59. Ke5 Kd8 60. Kd6 1/2-1/2

[Event "Tournoi Skype 019B"]
[Site "Skype"]
[Date "????.??.??"]
[Round "5.13"]
[White "Moumtaz, Abderrahim"]
[Black "De Nobrega, George"]
[Result "1-0"]
[WhiteElo "1221"]
[BlackElo "1494"]
[PlyCount "57"]

1. d4 d5 2. c4 Nf6 3. cxd5 Nxd5 4. e4 Nf6 5. Nc3 Nc6 6. Bb5 Bd7 7. Nf3 e6 8.
Bf4 Bb4 9. O-O O-O 10. Bg5 Be7 11. a3 a6 12. Ba4 Na5 13. Ne5 b5 14. Bc2 Nc6 15.
Nxc6 Bxc6 16. Re1 Nd7 17. Bxe7 Qxe7 18. Bd3 Qh4 19. Ne2 Nf6 20. Ng3 Rad8 21.
Bc2 Qf4 22. Ne2 Bxe4 23. Nxf4 Bxc2 24. Qxc2 Rxd4 25. Nd3 Rc8 26. Nc5 a5 27. Ne4
Nd5 28. Qc5 Rd3 29. Qxb5 1-0

[Event "Tournoi Skype 019B"]
[Site "Skype"]
[Date "????.??.??"]
[Round "5.14"]
[White "Coruble, Didier"]
[Black "Maccaferri, Massimo"]
[Result "1-0"]
[WhiteElo "1479"]
[BlackElo "1252"]
[PlyCount "53"]

1. b4 e5 2. b5 d5 3. d4 Bd6 4. Bb2 Qf6 5. Nf3 exd4 6. Bxd4 Qg6 7. Nh4 Qg5 8. g3
Be5 9. Be3 Qf6 10. c3 Bxc3+ 11. Nxc3 Qxc3+ 12. Bd2 Qe5 13. Bg2 Bd7 14. a4 c6
15. f4 Qe6 16. Bc3 cxb5 17. Bxg7 Bc6 18. Bxh8 d4 19. Bxd4 Bxg2 20. Nxg2 Qc6 21.
O-O Nd7 22. Rc1 Qd5 23. Qd3 bxa4 24. e3 b5 25. Qxh7 Ne7 26. Qh8+ Nf8 27. Bg7
1-0